| 000 | 00646nam a2200193Ii 4500 | ||
|---|---|---|---|
| 003 | JO-AjNU | ||
| 008 | 230605s9999||||xx |||||||||||||| ||und|| | ||
| 040 |
_aJO-AjNU _bara _erda _cJO-AjNU |
||
| 041 | _aara | ||
| 050 | 1 | 4 | _aBP173.25.A2846 |
| 100 | 3 |
_aأبو زهرة، محمد, _eauthor _937226 |
|
| 245 | 0 | 0 | _aفي المجتمع الإسلامي، ج3 |
| 264 | 3 | 1 | _aد.م: دار الفكر العربي، د.ت |
| 300 | _aج3، 120ص | ||
| 336 |
_atext _btxt _2rdacontent |
||
| 337 |
_aunmediated _bn _2rdamedia |
||
| 338 |
_avolume _bnc _2rdacarrier |
||
| 650 | 4 |
_aالاسلام والمجتمع- الاسلام والاقتصاد _937227 |
|
| 999 |
_aA15535 _c19103 _d19103 |
||